Normal view
MARC view
Entry Personal Name
001 - CONTROL NUMBER
- control field: 1238179
003 - CONTROL NUMBER IDENTIFIER
- control field: OSt
005 - DATE AND TIME OF LATEST TRANSACTION
- control field: 20260430150656.0
008 - FIXED-LENGTH DATA ELEMENTS
- fixed length control field: 260430|| aca||aabn | a|a d
040 ## - CATALOGING SOURCE
- Original cataloging agency: OSt
- Transcribing agency: OSt
100 ## - HEADING--PERSONAL NAME
- Personal name: Shuja Ahmed Au.; Aggarwal K K Gu
670 ## - SOURCE DATA FOUND
- Source citation: Work cat.: (OSt)1850362: Shuja Ahmed Au.; Aggarwal K K Gu., Optimizing Inventory and Pricing Strategies for Advance Order Booking Systems, 2024
